00449nam a2200085Ia 4500008004100000245014800041260000900189300014400198650002100342180130s9999 xx 000 0 und d cTimmermans, Bram; Bekkers, Rudi; Bordoli, LucaaKnowledge reallocation and challenges for KIE: the case of the European roller coaster industry c2013 aBook title: How entrepreneurs do what they do : case studies in knowledge intensive entrepreneurship--Acession number C17365; pages 119-134 aENTREPRENEURSHIP